[Event "Paris-ch op-B 87th"]
[Site "Paris"]
[Date "2012.07.09"]
[Round "3"]
[White "Marchand, Andre"]
[Black "Ferre, Sebastien"]
[Result "1-0"]
[WhiteElo "1944"]
[BlackElo "1858"]
[PlyCount "113"]
[EventDate "2012.07.07"]
[EventType "swiss"]
[EventRounds "9"]
[EventCountry "FRA"]
[SourceTitle "EXT 2013"]
[Source "ChessBase"]
[SourceDate "2012.11.22"]
[SourceVersion "1"]
[SourceVersionDate "2012.11.22"]
[SourceQuality "1"]

1. d4 d5 2. c4 c6 3. cxd5 cxd5 4. Nf3 Nf6 5. Nc3 e6 6. Bf4 Bd6 7. Bg3 Nc6 8. e3 0-0 9. Bd3 a6 10. Rc1 Re8 11. Ne5 h6 12. 0-0 Bxe5 13. dxe5 Nd7 14. f4 Nf8 15. Bf2 Bd7 16. Qd2 b5 17. e4 Qa5 18. Rfd1 d4 19. Ne2 Qxa2 20. Be1 Qb3 21. Ra1 a5 22. Qc1 Nb4 23. Ra3 Nxd3 24. Rxd3 Qc4 25. Qxc4 bxc4 26. Rxd4 a4 27. Rxc4 Rab8 28. Rc2 Rec8 29. Rac3 Rxc3 30. Nxc3 Ng6 31. Rd2 Rb7 32. g3 Ne7 33. Bf2 Nc6 34. Nxa4 Nxe5 35. fxe5 Bxa4 36. Rd8+ Kh7 37. Bd4 Bc2 38. Kf2 Bxe4 39. Ke3 Bd5 40. Rc8 Rd7 41. b4 Rb7 42. Bc5 Bc4 43. Kd4 Bf1 44. Ra8 Bg2 45. Ra5 Bf1 46. Bd6 Kg6 47. Kc5 h5 48. b5 Kf5 49. b6 Bg2 50. Bc7 f6 51. exf6 Kxf6 52. Kd4 g6 53. Ra2 Bd5 54. Re2 Kf7 55. Rf2+ Ke7 56. Ke5 g5 57. Rf6 1-0

[Event "Massy 21th op"]
[Site "Massy "]
[Date "2009.07.03"]
[Round "?"]
[White "Lamorelle, Julien"]
[Black "Marchand, Andre"]
[Result "1-0"]
[WhiteElo "2170"]
[BlackElo "2029"]
[PlyCount "63"]
[EventDate "2009.06.27"]
[EventType "swiss"]
[EventRounds "7"]
[EventCountry "FRA"]
[SourceTitle "EXT 2010"]
[Source "ChessBase"]
[SourceDate "2010.11.25"]
[SourceVersion "1"]
[SourceVersionDate "2010.11.25"]
[SourceQuality "1"]

1. e4 c6 2. d4 d5 3. e5 Bf5 4. h4 h5 5. c4 dxc4 6. Bxc4 e6 7. Nc3 Nd7 8. Bg5 Be7 9. Nf3 Nb6 10. Bd3 Bxg5 11. hxg5 Ne7 12. Bxf5 exf5 13. e6 g6 14. exf7+ Kxf7 15. Qe2 Qd6 16. 0-0-0 Rae8 17. Kb1 Nbd5 18. Ne5+ Kg7 19. Ka1 a5 20. Nc4 Qc7 21. Qe6 Rhf8 22. Rde1 b5 23. Ne5 Rd8 24. Nxd5 cxd5 25. Rc1 Qd6 26. Qxd6 Rxd6 27. Rc7 Re8 28. Rhc1 Kf8 29. Rb7 b4 30. Kb1 f4 31. Rcc7 Nf5 32. Nd7+ 1-0

[Event "Orsay-B"]
[Site "Orsay"]
[Date "2009.02.19"]
[Round "5"]
[White "Marchand, Andre"]
[Black "Gidel, Jean Louis"]
[Result "1/2-1/2"]
[WhiteElo "2046"]
[BlackElo "2160"]
[PlyCount "125"]
[EventDate "2009.02.15"]
[EventType "tourn"]
[EventRounds "7"]
[EventCountry "FRA"]
[SourceTitle "CBM 129 Extra"]
[Source "ChessBase"]
[SourceDate "2009.05.05"]
[SourceVersion "2"]
[SourceVersionDate "2009.05.20"]
[SourceQuality "1"]

1. d4 d5 2. c4 e6 3. Nc3 f5 4. Nf3 c6 5. Bf4 Nf6 6. e3 Be7 7. Be2 0-0 8. h3 Ne4 9. 0-0 Nd7 10. Rc1 Bf6 11. c5 Re8 12. b4 a6 13. a4 e5 14. Bh2 Qe7 15. Re1 g5 16. dxe5 Nxe5 17. Nxe5 Bxe5 18. Bxe5 Qxe5 19. Qd4 Bd7 20. Red1 Re7 21. Bf1 Rae8 22. Ne2 Kg7 23. Qxe5+ Rxe5 24. Nd4 g4 25. g3 gxh3 26. Bxh3 Kg6 27. Ne2 R5e7 28. Nf4+ Kf7 29. Bg2 Rh8 30. Bf3 Nf6 31. Kg2 Kg7 32. Rh1 Be8 33. Rh4 Bg6 34. Rhh1 Rhe8 35. Rhd1 Nd7 36. Rd4 Nf8 37. b5 axb5 38. axb5 Ra8 39. Rb4 Bf7 40. bxc6 bxc6 41. Rb6 Rc7 42. Ne2 Nd7 43. Rb2 Ra5 44. Rbc2 Kf6 45. Nd4 Ne5 46. Be2 Bg6 47. Rc3 Be8 48. Rh1 Ra2 49. Rh6+ Bg6 50. Rh1 Ke7 51. Rb3 Nd7 52. Rc1 Ra5 53. Rbc3 Kf6 54. Bd3 Ne5 55. Be2 Kf7 56. Rb3 Nd7 57. Rbc3 Kf6 58. Bd3 Ne5 59. Be2 Be8 60. Rh1 Bg6 61. Rhc1 Bf7 62. Rh1 Bg6 63. Rhc1 1/2-1/2

[Event "Paris Department-ch"]
[Site "Paris"]
[Date "2003.02.11"]
[Round "4"]
[White "Marchand, Andre"]
[Black "Vlahovic, Dimitri"]
[Result "1-0"]
[WhiteElo "2099"]
[BlackElo "2017"]
[PlyCount "57"]
[EventDate "2003.02.14"]
[EventType "swiss"]
[EventRounds "6"]
[EventCountry "FRA"]
[SourceTitle "EXT 2004"]
[Source "ChessBase"]
[SourceDate "2003.11.25"]
[SourceVersion "1"]
[SourceVersionDate "2003.11.25"]
[SourceQuality "1"]

1. d4 Nf6 2. Nf3 g6 3. g3 Bg7 4. Bg2 d5 5. 0-0 0-0 6. c4 c6 7. cxd5 cxd5 8. Nc3 Nc6 9. Ne5 Ne4 10. Nxc6 Nxc3 11. Nxd8 Nxd1 12. Nxf7 Nxf2 13. Nh6+ Bxh6 14. Bxh6 Nh3+ 15. Bxh3 Bxh3 16. Rxf8+ Rxf8 17. Bxf8 Kxf8 18. Rc1 Bd7 19. Kf2 Kf7 20. Ke3 Ke6 21. Rf1 a5 22. Rf8 a4 23. g4 h5 24. gxh5 gxh5 25. Rh8 b5 26. a3 Kf6 27. Rxh5 e6 28. Kf4 Be8 29. Rh6+ 1-0